Ilhas de Portugal - Statistics

Estatísticas Gerais
  • Esse quiz foi jogado 62 vezes
  • A pontuação média é 8 de 13
Estatísticas das Respostas
Ilhas % Correto
Madeira
91%
Flores
82%
São Miguel
80%
Corvo
77%
Pico
77%
Porto Santo
70%
Terceira
68%
Santa Maria
61%
Faial
55%
São Jorge
52%
Graciosa
48%
Ilhas Selvagens
36%
Ilhas Desertas
34%
Nenhum quiz correspondente encontrado
Distribuição das Pontuações
Porcentagem de Pessoas com Cada Pontuação
Percentil de Números Respondidos
Sua Pontuação Histórica
Você não jogou esse quiz